000 00634nam a22002297a 4500
001 49084
003 UA-OsUOA
005 20210517142432.0
007 ta
008 20070920b un ||||| |||| 00| 0 ukr d
040 _aUA-OsUOA
_bukr
_cUA-OsUOA
_dUA-OsUOA
041 _aukr
080 _a82.09
090 _a82.09
_bМ59
100 _aМикитась В.
245 _aУкраїнська література в боротьбі проти унії
260 _aК.
_bДніпро
_c1984
300 _a242 с.
650 7 _a82 Література. Літературознавство
_2UDC
942 _cBK
_2udc
955 _a1
999 _c335192
_d335192